[Event "IECG CP.1999.P.00075"]
[Site "IECG email"]
[Date "1999.10.01"]
[Round "?"]
[White "Paino Garcia, Sergio"]
[Black "Flaks, Julian"]
[Result "1-0"]
[WhiteElo "1169"]
[BlackElo "800"]
[PlyCount "28"]
[EventDate "1999.10.01"]
[EventType "tourn (corr)"]
[EventRounds "6"]
[EventCountry "NED"]
[SourceTitle "Corr 2008"]
[Source "ChessBase"]
[SourceDate "2008.06.24"]
[SourceVersion "1"]
[SourceVersionDate "2008.06.24"]
[SourceQuality "1"]

1. e4 e5 2. Nf3 d6 3. d4 exd4 4. Nxd4 Be7 5. Nc3 Bf6 6. Bb5+ Bd7 7. Nd5 c6 8. Nxf6+ Nxf6 9. Bd3 c5 10. Nf3 0-0 11. 0-0 Nc6 12. Bg5 h6 13. Bf4 d5 14. exd5 Nxd5 1-0

[Event "IECG CP.1998.Q.00006"]
[Site "IECG email"]
[Date "1999.??.??"]
[Round "?"]
[White "Paino Garcia, Sergio"]
[Black "Oortwijn, Ron A"]
[Result "0-1"]
[WhiteElo "1169"]
[BlackElo "2280"]
[PlyCount "76"]
[EventDate "1999.10.01"]
[EventType "tourn (corr)"]
[EventRounds "8"]
[EventCountry "NED"]
[SourceTitle "Corr 2008"]
[Source "ChessBase"]
[SourceDate "2008.06.24"]
[SourceVersion "1"]
[SourceVersionDate "2008.06.24"]
[SourceQuality "1"]

1. e4 e5 2. Nf3 Nc6 3. Bb5 a6 4. Ba4 Nf6 5. d4 exd4 6. 0-0 Be7 7. Re1 b5 8. Bb3 d6 9. Bd5 Nxd5 10. exd5 Ne5 11. Nxd4 0-0 12. Nc3 Re8 13. Bf4 Bf6 14. Nc6 Nxc6 15. Rxe8+ Qxe8 16. dxc6 Bxc3 17. bxc3 Qxc6 18. Qd2 Be6 19. a3 Re8 20. Be3 h6 21. Re1 Bf5 22. f3 Qc4 23. Qd4 Bxc2 24. Qxc4 bxc4 25. Kf2 Bd3 26. Bf4 Rb8 27. Re7 Rb2+ 28. Ke1 Rb1+ 29. Kf2 Rf1+ 30. Kg3 Ra1 31. Re8+ Kh7 32. Re7 g5 33. Be3 Kg6 34. Rxc7 f5 35. f4 Rxa3 36. Rc6 Kh5 37. Rxd6 Ra2 38. Rd8 Re2 0-1

[Event "IECG CN.1998.0.00079"]
[Site "IECG email"]
[Date "1998.08.19"]
[Round "?"]
[White "Karlsson, Bjoern I"]
[Black "Paino Garcia, Sergio"]
[Result "0-1"]
[WhiteElo "897"]
[BlackElo "800"]
[PlyCount "44"]
[EventDate "1998.08.19"]
[EventType "tourn (corr)"]
[EventRounds "6"]
[SourceTitle "Corr 2008"]
[Source "ChessBase"]
[SourceDate "2008.06.24"]
[SourceVersion "1"]
[SourceVersionDate "2008.06.24"]
[SourceQuality "1"]

1. e4 c6 2. d4 d5 3. exd5 cxd5 4. c3 Nf6 5. Bd3 g6 6. Nf3 Bg7 7. Bf4 0-0 8. 0-0 Nc6 9. Re1 Qb6 10. b3 Bd7 11. a4 Rac8 12. Ne5 e6 13. Nd2 Nxe5 14. dxe5 Ne8 15. c4 Qd4 16. Qf3 f6 17. cxd5 fxe5 18. Bc4 Rxf4 19. dxe6 Bxa4 20. Qd5 Qxf2+ 21. Kh1 Bc6 22. Re2 Qxe2 0-1

[Event "IECG CN.1998.0.00079"]
[Site "IECG email"]
[Date "1998.08.19"]
[Round "?"]
[White "Paino Garcia, Sergio"]
[Black "Tremblay, Robin"]
[Result "1-0"]
[WhiteElo "800"]
[BlackElo "800"]
[PlyCount "81"]
[EventDate "1998.08.19"]
[EventType "tourn (corr)"]
[EventRounds "6"]
[SourceTitle "Corr 2008"]
[Source "ChessBase"]
[SourceDate "2008.06.24"]
[SourceVersion "1"]
[SourceVersionDate "2008.06.24"]
[SourceQuality "1"]

1. e4 e5 2. Nf3 Nc6 3. c3 Nf6 4. d4 Nxe4 5. d5 Ne7 6. Nxe5 f6 7. Bd3 Nxf2 8. Qh5+ g6 9. Bxg6+ hxg6 10. Qxh8 fxe5 11. 0-0 Nf5 12. Qxe5+ Qe7 13. Qxe7+ Bxe7 14. Kxf2 Bc5+ 15. Ke2 b6 16. c4 Nd4+ 17. Kd3 d6 18. b4 Bf5+ 19. Rxf5 Nxf5 20. bxc5 bxc5 21. Nc3 Kd7 22. Rb1 Rh8 23. h3 Nh4 24. Rb2 Nf5 25. Rb7 a6 26. Bg5 Kc8 27. Ra7 Rh5 28. Bf6 Ng3 29. Ra8+ Kb7 30. Rg8 Rh6 31. Bg5 Rh5 32. Rxg6 Rh7 33. Rf6 Nh5 34. Rf8 Ng3 35. Ke3 Rg7 36. h4 Kb6 37. Rf3 Nh5 38. g4 Rh7 39. Ne4 Ng7 40. Rf7 Kb7 41. Nxd6+ 1-0

[Event "IECG CN.1998.0.00079"]
[Site "IECG email"]
[Date "1998.08.19"]
[Round "?"]
[White "Rossetti, Mario"]
[Black "Paino Garcia, Sergio"]
[Result "0-1"]
[WhiteElo "800"]
[BlackElo "800"]
[PlyCount "102"]
[EventDate "1998.08.19"]
[EventType "tourn (corr)"]
[EventRounds "6"]
[SourceTitle "Corr 2008"]
[Source "ChessBase"]
[SourceDate "2008.06.24"]
[SourceVersion "1"]
[SourceVersionDate "2008.06.24"]
[SourceQuality "1"]

1. e4 c5 2. Nf3 d6 3. d4 cxd4 4. Nxd4 Nf6 5. Nc3 g6 6. g3 Bg7 7. Bg2 0-0 8. 0-0 Nc6 9. Nxc6 bxc6 10. e5 dxe5 11. Bxc6 Rb8 12. Rb1 Ba6 13. Re1 Qxd1 14. Nxd1 Rfc8 15. Ba4 Nd5 16. Be3 Nxe3 17. Nxe3 Rd8 18. b4 e4 19. Rec1 Bc3 20. b5 Bb7 21. Rd1 e5 22. Rxd8+ Rxd8 23. Rd1 Rd4 24. Rxd4 exd4 25. Nc4 Kf8 26. Bb3 Ke7 27. a4 Bd5 28. Kf1 Be6 29. Ke2 Bg4+ 30. Kf1 Bd1 31. h3 e3 32. fxe3 d3 33. b6 axb6 34. Nxb6 Kd6 35. Nd5 Bd2 36. Nf4 dxc2 37. Nd3 Bxe3 38. Ke1 f5 39. a5 Kc7 40. h4 Kb7 41. Kf1 Bd2 42. Bg8 h6 43. Bd5+ Ka6 44. Bb3 Kxa5 45. Kf2 g5 46. hxg5 hxg5 47. Kg2 Be3 48. Kf1 f4 49. gxf4 gxf4 50. Bxc2 Bxc2 51. Nxf4 Bxf4 0-1

[Event "IECG CN.1998.0.00067"]
[Site "IECG email"]
[Date "1998.05.17"]
[Round "?"]
[White "Goossens, Jack"]
[Black "Paino Garcia, Sergio"]
[Result "1-0"]
[WhiteElo "800"]
[BlackElo "800"]
[PlyCount "41"]
[EventDate "1998.05.17"]
[EventType "tourn (corr)"]
[EventRounds "6"]
[SourceTitle "Corr 2008"]
[Source "ChessBase"]
[SourceDate "2008.06.24"]
[SourceVersion "1"]
[SourceVersionDate "2008.06.24"]
[SourceQuality "1"]

1. d4 d5 2. g3 Nf6 3. Bg2 e6 4. Nf3 c5 5. e3 Nbd7 6. 0-0 b6 7. Nbd2 Be7 8. c4 0-0 9. b3 Qc7 10. Ba3 Bb7 11. Rc1 Bd6 12. b4 Rfe8 13. bxc5 bxc5 14. cxd5 exd5 15. dxc5 Nxc5 16. Bxc5 Bxc5 17. Nb3 Ne4 18. Nfd2 Qe7 19. Nxe4 Ba3 20. Nec5 Bxc1 21. Nxb7 1-0